000 00329nam a22001457a 4500
003 OSt
005 20211223151430.0
008 211223b |||||||| |||| 00| 0 eng d
020 _a0072463651
040 _cHU
082 _22nd
_a004.6SPO2000
100 _aSpohn
_924719
245 _aData Network Design
942 _2ddc
_cBOOKS
_n0
999 _c23792
_d23792